| 000 | 01149nam a2200253 a 4500 | ||
|---|---|---|---|
| 001 | 40429 | ||
| 003 | BD-RjUL | ||
| 005 | 20211209053218.0 | ||
| 008 | 160502s1978 bg ||||| |||| 001 0 ben d | ||
| 020 | _c: TK 22.00 | ||
| 035 | _a(BD-RjUL)40544 | ||
| 040 |
_aBD-RjUL _bben _cBD-RjUL |
||
| 041 | _aben | ||
| 082 |
_223 _a100 _bRAB 1978 |
||
| 100 |
_aরাসেল, বার্ট্রাণ্ড _9118051 |
||
| 245 | 1 | 0 |
_aবহির্জগৎ সম্পর্কে আমাদের জ্ঞান : _bদর্শনে বৈজ্ঞানিক পদ্ধতির প্রয়োগ / _cবার্ট্রাণ্ড রাসেল ; অনুবাদ মুহম্মদ আবদুল বারী |
| 260 |
_aঢাকা : _bবাংলা একাডেমী, _c১৯৭৮ |
||
| 300 |
_a[১৫], ২৮৮ পৃ. ; _c২৩ সেমি. |
||
| 504 | _aনির্ঘন্ট সম্বলিত | ||
| 650 |
_aPhilosophy _9124544 |
||
| 650 |
_aদর্শন _9124545 |
||
| 700 |
_aবারী, মুহম্মদ আবদুল, অনুবাদ _9124523 |
||
| 942 |
_2ddc _cBK _01 |
||
| 999 |
_c40429 _d40429 |
||